| 000 | 00887nam a2200253 4500 | ||
|---|---|---|---|
| 001 | 140583 | ||
| 003 | ES-MaACL | ||
| 005 | 20250811223822.0 | ||
| 007 | t| | ||
| 008 | 070214s1981 sp r ||||1| spa d | ||
| 020 | _a84-206-7021-9 | ||
| 100 | 1 |
_aSebastián López, Santiago. _9105017 |
|
| 245 | 1 | 0 |
_aContrarreforma y barroco _b: lecturas iconográficas e iconológicas / _cSantiago Sebastián ; prólogo de Alfonso Rodríguez G. de Ceballos. |
| 260 |
_aMadrid : _bAlianza Editorial, _c1981. |
||
| 300 |
_a413 p., 3 lám. : _bil. ; _c23 cm. |
||
| 490 | 1 |
_aAlianza forma ; _v21 |
|
| 650 | 4 |
_aSimbolismo cristiano. _917106 |
|
| 650 | 0 | 7 |
_aArte barroco _2embne _910160 |
| 650 | 4 |
_aContrarreforma y arte. _9164138 |
|
| 700 | 1 |
_aRodríguez G. de Ceballos, Alfonso. _998531 |
|
| 830 | 1 | 0 |
_aAlianza forma _v21 _9177869 |
| 852 |
_aES-MaACL _jL-1811 |
||
| 999 |
_c140583 _d140583 |
||